000 01152nam a22002537a 4500
001 BRCA_9421
003 FranzMayer
005 20230918130313.0
008 230906b |||||||| |||| 00| 0 eng d
020 _a01884638
040 _aMFM
_bESPAÑOL
_cMFM
050 0 _aF1209.5
_bC66 2018
110 1 _4Responsable
_aSecretaria de Cultura
_bCoordinación Nacional de Monumentos Históricos
_929643
240 _aBoletín de monumentos históricos 42
_hTercera edición, Núm 42. Enero-Abril 2018. Historia de la construcción II
_lEspañol
245 0 _aBoletín de monumentos históricos 42
_bTercera edición, Núm 42. Enero-Abril 2018. Historia de la construcción II
260 _aMéxico
_bSecretaria de Cultura
_c2018
300 _a255 p
_bIlustraciones
_c28 cm
500 _aAnexo 1
500 _aIncluye un formato para suscripción al boletín
505 _aTexto en: españolIncluye índice temáticoDirigido a: arquitectos, historiadores o arqueólogos
650 1 _2America Latina
_aMéxico
_vMonumentos históricos
_929644
651 2 _2Boletín
_aBoletines especiales
_vBoletín de monumentos históricos
_929645
942 _2lcc
_cH
999 _c11043
_d11043